| 000 | 00471nab a2200145Ia 4500 | ||
|---|---|---|---|
| 003 | ES-SlBCS | ||
| 005 | 20210601133826.0 | ||
| 008 | 140529s1986 xxu||||| |||| 00| 0 por d | ||
| 041 | _apor | ||
| 100 | 1 |
_aPizzinga, Rodolfo Domenico _9210230 |
|
| 245 | 0 | 0 |
_aO Lado Oculto de Fernando Pessoa _c Rodolfo Domenico Pizzinga |
| 600 | 1 | 4 |
_aPessoa, Fernando _d, 1888-1935 _9127305 |
| 773 | 0 |
_tPresença Filosofica _gvol. 12, nº. 1-2-3-4, 1986, págs. 205-217 _wRev966 |
|
| 942 | _cAR | ||
| 999 |
_c602725 _d602725 |
||